For Everyone Bible Study Guides (Record no. 17588)

MARC details
000 -LEADER
fixed length control field 00642nam a2200241 a 4500
020 ## - INTERNATIONAL STANDARD BOOK NUMBER
ISBN 9780281061815
082 00 - DEWEY DECIMAL CLASSIFICATION NUMBER
Classification number 227.81
Author Cutter WRI
100 ## - MAIN ENTRY--AUTHOR NAME
Author name Wright, Tom
245 ## - TITLE STATEMENT
Title For Everyone Bible Study Guides
Sub title 1 & 2 Thessalonians (8 Studies for Individual or Groups)
260 ## - PUBLICATION, DISTRIBUTION, ETC. (IMPRINT)
Place of publication London
Name of publisher SPCK
Year of publication 2009
300 ## - PHYSICAL DESCRIPTION
Number of Pages 64p
500 ## - GENERAL NOTE
General note includes index and biblioraphy
650 ## - SUBJECT ADDED ENTRY--TOPICAL TERM
Topical Term Thessalonians I
650 ## - SUBJECT ADDED ENTRY--TOPICAL TERM
Topical Term Thessalonians II
942 ## - ADDED ENTRY ELEMENTS (KOHA)
Koha item type Books
700 1# -
-- Wright, Tom
Holdings
Collection code Home library Current library Date acquired Cost, normal purchase price Full call number Accession Number Koha item type
  Henry Martyn Institute Library Henry Martyn Institute Library 09/23/2010 100.00 227.81 WRI 11002229 Books
                   Copyright © 2026 | Henry Martyn Institute | Hyderabad | TS-500052 | INDIA | Implemented by hmi.edu.in
Hit-Count:

Powered by Koha